| Tag |
First Indicator |
Second Indicator |
Subfields |
| LEADER |
00000cam a2200000Ia 4500 |
| 001 |
in00002472213 |
| 005 |
20210727085207.0 |
| 006 |
m d |
| 007 |
cr cn||||||||| |
| 008 |
081017s2007 ne a sb 010 0 eng d |
| 020 |
|
|
|a 1402052855
|
| 020 |
|
|
|a 9781402052859
|
| 035 |
|
|
|a (OCoLC)262691909
|
| 035 |
|
|
|a (OCoLC)ocn262691909
|
| 035 |
|
|
|a 3072237
|
| 037 |
|
|
|a 978-1-4020-5284-2
|b Springer
|n http://www.springerlink.com
|
| 040 |
|
|
|a GW5XE
|b eng
|c GW5XE
|d UtOrBLW
|
| 049 |
|
|
|a TEFA
|
| 050 |
1 |
4 |
|a P98
|b .W624 2007eb
|
| 072 |
|
7 |
|a P
|2 lcco
|
| 072 |
|
7 |
|a QA
|2 lcco
|
| 082 |
0 |
4 |
|a 121.68
|2 22
|
| 100 |
1 |
|
|a Wilks, Yorick,
|d 1939-
|0 http://id.loc.gov/authorities/names/n82220432
|
| 245 |
1 |
0 |
|a Words and intelligence I :
|b selected papers by Yorick Wilks /
|c edited by Khurshid Ahmad, Christopher Brewster, Mark Stevenson.
|
| 264 |
|
1 |
|a Dordrecht :
|b Springer,
|c [2007]
|
| 264 |
|
4 |
|c ©2007
|
| 300 |
|
|
|a xiv, 279 pages :
|b illustrations ;
|c 25 cm.
|
| 336 |
|
|
|a text
|b txt
|2 rdacontent
|
| 337 |
|
|
|a computer
|b c
|2 rdamedia
|
| 338 |
|
|
|a online resource
|b cr
|2 rdacarrier
|
| 490 |
1 |
|
|a Text, speech, and language technology ;
|v v. 35
|
| 500 |
|
|
|a "Part of the festschrift organized to honor his retirement from teaching."--Pref.
|
| 500 |
|
|
|a Collected works.
|
| 500 |
|
|
|a Electronic resource.
|
| 504 |
|
|
|a Includes bibliographical references.
|
| 533 |
|
|
|a Electronic reproduction.
|b New York :
|c Springer,
|d 2008.
|n Mode of access: World Wide Web.
|n System requirements: Web browser.
|n Title from title screen (viewed on Oct. 10, 2008).
|n Access may be restricted to users at subscribing institutions.
|
| 650 |
|
0 |
|a Computational linguistics.
|0 http://id.loc.gov/authorities/subjects/sh85077224
|
| 650 |
|
0 |
|a Natural language processing (Computer science)
|0 http://id.loc.gov/authorities/subjects/sh88002425
|
| 650 |
|
0 |
|a Semantics.
|0 http://id.loc.gov/authorities/subjects/sh85119870
|
| 655 |
|
7 |
|a Electronic books.
|2 local
|
| 710 |
2 |
|
|a SpringerLink (Online service)
|0 http://id.loc.gov/authorities/names/no2005046756
|
| 776 |
1 |
|
|c Original
|z 9781402052842
|z 1402052847
|w (OCoLC)86075130
|
| 830 |
|
0 |
|a Text, speech, and language technology ;
|v v. 35.
|0 http://id.loc.gov/authorities/names/n96059014
|
| 856 |
4 |
0 |
|u http://proxy.library.tamu.edu/login?url=https://dx.doi.org/10.1007/1-4020-5285-5
|z Connect to the full text of this electronic book
|t 0
|
| 994 |
|
|
|a C0
|b TEF
|
| 999 |
|
|
|a MARS
|
| 999 |
f |
f |
|s 917b703c-0579-3f5c-8e03-80e3aa2c6a71
|i 1e1aa0ac-0544-3495-90d7-f8123a77e7a7
|t 0
|
| 952 |
f |
f |
|a Texas A&M University
|b College Station
|c Electronic Resources
|d Available Online
|t 0
|e P98 .W624 2007eb
|h Library of Congress classification
|
| 998 |
f |
f |
|a P98 .W624 2007eb
|t 0
|l Available Online
|